| 000 | 00602nam a2200229Ia 4500 | ||
|---|---|---|---|
| 003 | OSt | ||
| 005 | 20230427152332.0 | ||
| 008 | 210423s2001 xx 000 0 und d | ||
| 020 | _a8176482299 | ||
| 040 | _cAL | ||
| 041 | _aeng | ||
| 082 |
_a332 _223 _b MOHB |
||
| 100 |
_aMOHANTY (Bijoyini),Ed _982208 |
||
| 245 | _aFinancing the grassroots government | ||
| 260 |
_aNew Delhi _bAPH Publications _c2001 |
||
| 300 |
_ax,233 _bHB |
||
| 365 |
_b500 _cINR |
||
| 650 |
_aEconomics _982209 |
||
| 650 |
_aFinancial Economics _982210 |
||
| 906 | _aFinancing ; government ; grassroots | ||
| 942 |
_2ddc _cBK |
||
| 999 |
_c156812 _d156812 |
||